000 00714nam a2200277Ia 4500
005 20260324112000.0
008 008 260324s9999 xx 000 0 eng d
020 _a9781003493471
037 _aEBOOK
040 _aCRL
040 _beng
040 _cCRL
041 _2eng
041 _aeng
084 _qCRL
100 _aMichael R. Schwob; Yunshan Duan; Beatrice Cantoni; Bernardo Flores-Lopez; Stephen G. Walker
_91140813
245 0 _aExercises in Statistical Reasoning
260 _bTaylor and Francis
260 _c2025
365 _a
365 _b320
856 _uhttp://www.taylorfrancis.com/books/9781003493471
942 _cEBOOK
999 _c1729831
_d1729831